000 00699nam a2200193Ia 4500
008 090124s9999 xx 000 0 und d
082 _b42405
_a181
100 _aसाखरे किसन महाराज
245 _a अद्वैत मकरंद
250 _a0
260 _bसाखरे किसनमहाराज प्रकाशक
_c1984
300 _a172
600 _aसाखरे किसन महाराज
630 _a अद्वैत मकरंद
700 _aसाखरे किसन महाराज
700 _aसाखरे किसन महाराज
730 _a अद्वैत मकरंद
942 _cBOOK
999 _c108626
_d108626